Normal view
MARC view
Entry Personal Name
001 - CONTROL NUMBER
- control field: 1236739
003 - CONTROL NUMBER IDENTIFIER
- control field: OSt
005 - DATE AND TIME OF LATEST TRANSACTION
- control field: 20260430150204.0
008 - FIXED-LENGTH DATA ELEMENTS
- fixed length control field: 260430|| aca||aabn | a|a d
040 ## - CATALOGING SOURCE
- Original cataloging agency: OSt
- Transcribing agency: OSt
100 ## - HEADING--PERSONAL NAME
- Personal name: Seth Nidhi Au.; Ranganathan Namita Gu
670 ## - SOURCE DATA FOUND
- Source citation: Work cat.: (OSt)1849171: Seth Nidhi Au.; Ranganathan Namita Gu., Role of english textbooks in promoting respect for diversity among secondary school students, 2021
